000 00555nam a2200193 a 4500
001 BRCA_6973
005 20190320205650.0
008 221111s19121913mx-#######---#000-0#ger-#
041 _ager
050 4 _bD48 1913
110 2 _aDeutschen Ruder Vereins, Mexico
_917367
245 1 0 _aIV. Jahresbericht des Deutschen Ruder Vereins Mexico.
_cder I.Vorsitzende W. Gottschalk.
260 _a[México]
_c[1913]
300 _a19 p.
_c22 cm.
500 _aL175
610 2 4 _aFederación Alemana Club de Remo México
_917368
902 _aGFM
942 _2lcc
_cB
999 _c6654
_d6654